| 000 | 00515nam a22001931a 4500 | ||
|---|---|---|---|
| 001 | 4182 | ||
| 003 | OSt | ||
| 005 | 20260204211919.0 | ||
| 008 | 050730s1988||||ag ||||||b||||||||||spa|| | ||
| 050 | _a547 L499h | ||
| 100 | _aDe Lederkremer, Rosa M. | ||
| 245 | _aHidratos de carbono / Rosa m. Lederkremer y Oscar Valera | ||
| 264 | _aArgentina: Editora Eva | ||
| 300 | _a144 p | ||
| 490 | _aSerie de química: Monografía No. 22 | ||
| 650 | _a1.Química Orgánica | ||
| 651 | _aValera, OscarÌ | ||
| 942 |
_2ddc _cBK |
||
| 999 |
_c4182 _d4182 |
||